MDQL
is popping MORE tags! Check the
thread
!
Quizzes
Events
Quiz Creation
Community
Videos
Private Events
Remove Ads
Sign In
Join for FREE
Feedback
Dark Mode
Quiz Categories
Sports
Geography
Music
Movies
Television
Just For Fun
Miscellaneous
History
Literature
Language
Science
Gaming
Entertainment
Religion
Holiday
For Kids
Quiz Lab
Recent
Popular Today
Quiz Kudos Today
Editor Picks
Curator Picks
Quizzes by...
Day
Popularity
Type
Ratings
Length
Year
Community
Subscriptions
Recent Discussions
Orange Saloon
Badges
Playlists
Quests
Create
Leaderboards
Showdown
Live 5
Trivia Bingo
Activity
Puzzle Library
Sporcle Events
Private Events
Virtual Trivia
Globe League
Become a Host
Pub Owners
SporcleCon
Opinionation
Our Games
Videos
Blog
Mobile Apps
Partnerships
Remove Ads and Go Orange
Feedback
Sports
Athletes
MLB
NBA
NHL
NFL
Soccer
Sports Teams
WWE
NCAA
Football
Premier League
Basketball
Baseball
Hockey
Golf
Tennis
Cricket
Rugby
Auto Racing
Olympics
World Cup
Sports
Athletes
MLB
NBA
NHL
NFL
Soccer
Sports Teams
WWE
NCAA
Football
Premier League
Basketball
Baseball
Hockey
Golf
Tennis
Cricket
Rugby
Auto Racing
Olympics
World Cup
Random Quiz
Search Sporcle
×
Quiz Lab
Quiz Lab
Sports
Premier League
Type in answers that appear in a list
Type in answers that appear in a list
Classic
Best Score? Go Orange.
Newcastle United's Most Expensive Transfers Stats
Can you name the Newcastle United's Premier League Transfers?
By
Stuey22
10m
34 Questions
473 Plays
473 Plays
473 Plays
Comments
Comments
Give Quiz Kudos
Give Quiz Kudos
-
- Ratings
hide this ad
Replay
Link that replays current quiz
Next Quiz
Link to next quiz in quiz playlist
You Got
0%
They Got
Avg Score
45%
Avg Friend Score
Upgrade to see
Score Distribution
Jump to the score distribution portion of the page
Score
0/34
Timer
10:00
0
Plays Today
Season Bought
Player
% Correct
1996/
1997
Alan Shearer
97%
2005/
2006
Michael Owen
95.3%
2015/
2016
Aleksandar Mitrovic
78.9%
2015/
2016
Georgini Wijnaldum
78%
2011/
2012
Papiss Demba Cisse
75.9%
2015/
2016
Florian Thauvin
68.5%
2008/
2009
Fabricio Coloccini
63.2%
2014/
2015
Remy Cabella
60.3%
2015/
2016
Chancel Mbemba
57.3%
2001/
2002
Laurent Robert
54.1%
2006/
2007
Obafemi Martins
53.9%
1995/
1996
Les Ferdinand
49.9%
1999/
2000
Kieron Dyer
48%
2007/
2008
Joey Barton
44.4%
2012/
2013
Mathieu Debuchy
43.1%
2010/
2011
Hatem Ben Arfa
41.9%
2001/
2002
Craig Bellamy
40%
Season Bought
Player
% Correct
1997/
1998
Gary Speed
39.1%
2005/
2006
Jonathan Woodgate
38.9%
2008/
2009
Jonas Gutierrez
37.8%
2012/
2013
Vurnon Anita
37.8%
1995/
1996
Faustino Asprilla
37.4%
2004/
2005
Jean-Alain Boumsong
37%
2014/
2015
Siem de Jong
35.9%
2007/
2008
Alan Smith
34%
1998/
1999
Duncan Ferguson
29.2%
2001/
2002
Hugo Viana
27.9%
2007/
2008
Jose Enrique
27.1%
2008/
2009
Xisco
26.2%
2004/
2005
Scott Parker
25.8%
2012/
2013
Mapou Yanga-Mbiwa
21.1%
2000/
2001
Carl Cort
17.1%
2014/
2015
Emmanuel Rivière
16.9%
1999/
2000
Elena Marcelino (Bobby my finger hurts)
14.8%
Quiz Playlist
Details
Report
Send in Message
Add To Playlist
Classic:
Type in answers that appear in a list
Last Updated: Feb 16, 2017
Quiz Scoreboard
CHALLENGE
Sign Up to Join the Scoreboard
Show All
Scores
Hide
Comments
May contain spoilers
Recently Published
Holiday 10x10 Sorting Gallery
by lukepisani3
Holiday
15m
Two Season TV Shows II
by 123Four
Television
10m
Image Sorting: Flags VI
by Barbecue
Geography
2m
More to Explore
Quiz From the Vault
Featured Blog Post
14 Easter Pick-up Lines to Find Eggs With
hide this ad
You Might Also Like...
Tags
Premier League Quiz
amount
bought
Expensive
League
Newcastle United
Player
Premier
season
Transfer
United
Today's Top Quizzes in Sports
Browse Sports
hide this ad
Today's Top Quizzes in Premier League
Browse Premier League
Top Contributed Quizzes in Sports
1
Les meilleurs buteurs des matchs entre le PSG et l’OM
2
Les entraîneurs de l'OM et du PSG au 21e siècle
3
2022 World Cup Stars
4
Players with Multiple 50 Home Run Seasons
5
Les joueurs passés par le PSG et l'OM
6
FIFA Club World Cup Champions
7
Top 10 NHL Goal Scorers of All Time
8
Criteria MLB: Left Handed Sluggers
9
Les joueurs passés par le LOSC et le RC Lens
10
2023 MLB Unique Player Accomplishments
Explore More
Trending Topics
Anime
Crossword
Harry Potter
Disney
Marvel
NBA
Kpop
Soccer
The Office
Song
WWE
Puzzle
Country
Pokémon
NFL
hide this ad
More By:
Stuey22
Quiz
Plays
Rating
Category
Featured
Created
Alan Shearer's 206 For Newcastle United
3,554
2.33
Sports
Jan 21, 2010
Newcastle United European Goalscorers
819
5.00
Sports
Jan 29, 2010
Can You Name Every Nas Song?
568
5.00
Music
Jan 26, 2010
Deceased Hip Hop Acts
548
5.00
Music
Feb 10, 2010
Newcastle Side that Beat Man U 5-0?96/97
526
Sports
Feb 15, 2010
Go to Creator's Profile
Score Distribution
Quiz Creator Spotlight
Stuey22
Follow
Send a Message
Quizzes Created
-
Created Quiz Play Count
-
More By This Creator
Popular Quizzes Today
1
Find the US States - No Outlines Minefield
2
Colored Red Africa Blitz
3
Find the 'City' Movie
4
The Countries of the World
5
Find the US States
6
5x2 Blitz: Bands
7
Find the Countries of Europe - No Outlines Minefield
8
US States
More Sports Quizzes
Javier Mascherano's Cup Final XI's
Quiz Lab
Trending Quizzes
Colored Red Europe Blitz I
Colored Red Europe Blitz II
Colored Red Africa Blitz II
Colored Red Europe Blitz III
Colored Red Africa Blitz III
Recently Updated
Odd Team Out - Big 4 Players
pecheneg
Quick Pick: 20 Twenties
pecheneg
March Madness Men's Triple Doubles
pecheneg
How Do You Spell That?
pecheneg
Godzilla Movies
pecheneg
Grab Bag: 4-10 Letters
pecheneg
2024 March Madness Bracket
pecheneg
Famous TV Couples
Peacemaker
Champions League XIs: Real Madrid
pecheneg
Largest US Cities 1790-2010
pecheneg
Trending Topics
Marvel
Kpop
Crossword
Harry Potter
Disney
NBA
Anime
Puzzle
The Office
Country
Pokémon
WWE
NFL
Soccer
Song
Your Account Isn't Verified!
In order to create a playlist on Sporcle, you need to verify the email address you used during registration. Go to your
Sporcle Settings
to finish the process.
Report this User
Report this user for behavior that violates our
Community Guidelines
.
Details:
Send Report
Go to the Sporcle.com Mobile Site →
Comments